Catálogo

ANALISIS ESTRUCTURAL (Registro nro. 9458)

Detalles MARC
000 -LEADER
fixed length control field 00570nam a2200217 a 4500
001 - CONTROL NUMBER
control field 9458
005 - DATE AND TIME OF LATEST TRANSACTION
control field 20180713193443.0
008 - FIXED-LENGTH DATA ELEMENTS--GENERAL INFORMATION
fixed length control field 140415s1983 000 0 spa d
020 ## - INTERNATIONAL STANDARD BOOK NUMBER
International Standard Book Number 9686034226
041 ## - LANGUAGE CODE
Language code of text/sound track or separate title spa
082 ## - DEWEY DECIMAL CLASSIFICATION NUMBER
Classification number 620.112
Item number MCC
100 1# - MAIN ENTRY--PERSONAL NAME
Personal name McCormac, Jack C.,.
245 10 - TITLE STATEMENT
Title ANALISIS ESTRUCTURAL
250 ## - EDITION STATEMENT
Edition statement 3a ed.
260 ## - PUBLICATION, DISTRIBUTION, ETC.
Place of publication, distribution, etc. [s.l.] :
Name of publisher, distributor, etc. HARLA,
Date of publication, distribution, etc. 1983
300 ## - PHYSICAL DESCRIPTION
Extent 614
490 ## - SERIES STATEMENT
Series statement TEXTOS DE INGENIERIA
650 14 - SUBJECT ADDED ENTRY--TOPICAL TERM
Topical term or geographic name entry element DISEO DE ESTRUCTURAS
700 1# - ADDED ENTRY--PERSONAL NAME
Personal name ALVAREZ, JORGE ANGELES
Relator term tr.
700 1# - ADDED ENTRY--PERSONAL NAME
Personal name PANIAGUA B., FRANCISCO
Relator term pról.
Existencias
Withdrawn status Lost status Source of classification or shelving scheme Damaged status Not for loan Home library Current library Shelving location Date acquired Source of acquisition Total Checkouts Full call number Barcode Price effective from Koha item type Collection code Inventory number Total Renewals Date last seen Date last checked out
  No inventariado Dewey Decimal Classification     Biblioteca Karol Wojtyla Biblioteca Karol Wojtyla   03/12/2013 Compra   620.112 MCC 23736 03/12/2013 Libro          
    Dewey Decimal Classification     Biblioteca Karol Wojtyla Biblioteca Karol Wojtyla Sala general 03/12/2013 Compra 5 620.112 MCC 40622 03/12/2013 Libro General 151000000000000000003172 1 17/02/2026 05/02/2026